Proyecto de Código de comercio, presentado al Congreso Nacional por el Presidente de la República de Chile
Saved in:
| Format: | Book |
|---|---|
| Language: | Spanish |
| Published: |
Santiago
Imprenta Nacional
1865
|
| Subjects: | |
| Tags: |
Add Tag
No Tags, Be the first to tag this record!
|
MARC
| LEADER | 00000cam a2200000 a 4500 | ||
|---|---|---|---|
| 001 | UCF8841 | ||
| 003 | CL-VaPUC | ||
| 008 | 131011e18650000cl |||||||||||||||||spa|d | ||
| 082 | 0 | 4 | |a 346.8307 |b PRO |2 21 |
| 245 | 1 | 0 | |a Proyecto de Código de comercio, presentado al Congreso Nacional por el Presidente de la República de Chile |
| 300 | |a 347 p | ||
| 942 | |c BK | ||
| 945 | |d 20131011 10:45:00 |a cmena | ||
| 260 | |a Santiago |b Imprenta Nacional |c 1865 | ||
| 650 | 0 | |a Derecho comercial |9 256340 | |
| 650 | 0 | |a Código de comercio |9 329302 | |
| 650 | 0 | |a Jurisprudencia |9 255952 | |
| 650 | 7 | |a PROYECTOS DE LEY |2 CL-VaPUC |9 388710 | |
| 583 | |a last modification |c 20131014 11:18:58 |k Rodrigo Vera | ||
| 999 | |c 353372 |d 353370 | ||
| 952 | |0 0 |1 0 |2 ddc |3 erd |4 0 |5 1 |6 346_830700000000000_PRO_1865 |7 1 |8 C_LRYV |9 458525 |a FDOBRV |b BIBDER |d 2019-11-23 |i 5020034 |o 346.8307 PRO 1865 |p 5020034 |r 2023-01-25 |w 2019-11-23 |y BK_X |z Catalogado en:20131011 |k BRV | ||
| 952 | |0 0 |1 0 |2 ddc |3 erd |4 0 |5 1 |6 346_830700000000000_PRO_1865 |7 1 |8 C_LRYV |9 458526 |a FDOBRV |b BIBDER |d 2019-11-23 |i 5020042 |o 346.8307 PRO 1865 |p 5020042 |r 2023-01-25 |w 2019-11-23 |y BK_X |z Catalogado en:20131011 |k BRV | ||